000 00409nam a2200109Ia 4500
008 221009s9999 xx 000 0 und d
082 _a780
100 _aजोशी,विश्‍वम्‍भरविशनत्त
_981073
245 0 _aलुप्‍तोदय स्‍वर समग्र राग व्‍याकरण
260 _bनेशनल पब्लिकेशन
942 _cBK
999 _c65088
_d65088